La elocuencia ática / (Record no. 72387)

MARC details
000 -LEADER
campo de control de longitud fija 00563nam a2200181 i 4500
001 - NÚMERO DE CONTROL
campo de control 72387
003 - IDENTIFICADOR DE NÚMERO DE CONTROL
campo de control ES-MaACL
005 - FECHA Y HORA DE LA ÚLTIMA TRANSACCIÓN
campo de control 20230906171426.0
007 - CAMPO FIJO DE DESCRIPCIÓN FÍSICA--INFORMACIÓN GENERAL
campo de control de longitud fija t|
008 - DATOS DE LONGITUD FIJA--INFORMACIÓN GENERAL
campo de control de longitud fija 040831q1910 sp ||||1| spa d
100 1# - ENTRADA PRINCIPAL--NOMBRE DE PERSONA
Nombre de persona Girard, Jules.
9 (RLIN) 57219
245 13 - MENCIÓN DEL TÍTULO
Título La elocuencia ática /
Mención de responsabilidad, etc. J. Girard ; versión española de Edmundo González Blanco.
260 ## - PUBLICACIÓN, DISTRIBUCIÓN, ETC.
Lugar de publicación, distribución, etc. Madrid :
Nombre del editor, distribuidor, etc. [s.n.,
Fecha de publicación, distribución, etc. 1910?] (
Fabricante Gabriel López del Horno)
300 ## - DESCRIPCIÓN FÍSICA
Extensión 237 p. ;
Dimensiones 23 cm.
650 #4 - PUNTO DE ACCESO ADICIONAL DE MATERIA--TÉRMINO DE MATERIA
Término de materia o nombre geográfico como elemento de entrada Oratoria-
Subdivisión geográfica Grecia.
9 (RLIN) 143716
700 1# - ENTRADA AGREGADA--NOMBRE PERSONAL
Nombre de persona González-Blanco, Edmundo.
9 (RLIN) 58462
852 ## - LOCALIZACIÓN
Ubicación ES-MaACL
Número de control de estantería F-14972
Holdings
Estatus retirado Estado de pérdida Estado de daño No para préstamo Biblioteca de origen Biblioteca actual Ubicación en estantería Fecha de adquisición Fuente de adquisición Total de préstamos Signatura topográfica completa Código de barras Visto por última vez Precio de reemplazo Tipo de ítem Koha
        Biblioteca del Ateneo de Madrid Biblioteca del Ateneo de Madrid Sala Pecera Planta 2 17/01/2008     F-14972 1075784 23/02/2023 23/02/2023 Libro impreso